Daily Capital City Riddle #136 - Statistics

General Stats
  • This quiz has been taken 22 times
  • The average score is 31 of 34
Answer Stats
Type Answer % Correct
Found Letter A
100%
Found Letter B
100%
Alphabet Letter I
100%
Found Letter N
100%
Found Letter O
100%
Alphabet Letter R
100%
Alphabet Letter S
100%
Correctly Placed Letter B
95%
Alphabet Letter D
95%
Alphabet Letter E
95%
Found Letter G
95%
Alphabet Letter L
95%
Alphabet Letter M
95%
Alphabet Letter T
95%
Alphabet Letter U
95%
Alphabet Letter V
95%
Correctly Placed Letter A
90%
Alphabet Letter C
90%
Correctly Placed Letter G
90%
Alphabet Letter J
90%
Correctly Placed Letter N
90%
Alphabet Letter P
90%
Mystery Capital Bangkok
85%
Alphabet Letter F
85%
Alphabet Letter H
85%
Correctly Placed Letter K
85%
Correctly Placed Letter K
85%
Found Letter K
85%
Correctly Placed Letter O
85%
Alphabet Letter Q
85%
Alphabet Letter W
85%
Alphabet Letter X
85%
Alphabet Letter Y
85%
Alphabet Letter Z
85%
No matching quizzes found
Score Distribution
Percent of People with Each Score
Percentile by Number Answered
Your Score History
You have not taken this quiz